Silencing Human Rights: critical engagements with a contested project (Record no. 1308892)

MARC details
000 -LEADER
fixed length control field 00958nam a2200229 4500
005 - DATE AND TIME OF LATEST TRANSACTION
control field 20250411151228.0
008 - FIXED-LENGTH DATA ELEMENTS--GENERAL INFORMATION
fixed length control field 250411b |||||||| |||| 00| 0 eng d
020 ## - INTERNATIONAL STANDARD BOOK NUMBER
International Standard Book Number 9780230222762
037 ## - SOURCE OF ACQUISITION
Terms of availability Textual
040 ## - CATALOGING SOURCE
Original cataloging agency RTL
Transcribing agency RTL
084 ## - COLON CLASSIFICATION NUMBER
Classification number Y9(W:5) P9
Assigning agency RTL
245 ## - TITLE STATEMENT
Title Silencing Human Rights: critical engagements with a contested project
260 ## - PUBLICATION, DISTRIBUTION, ETC.
Place of publication, distribution, etc. London
Name of publisher, distributor, etc. Palgrave Macmillan
Date of publication, distribution, etc. 2009
300 ## - PHYSICAL DESCRIPTION
Extent XII, 294 p.
Other physical details Includes bibliographical references and index
520 ## - SUMMARY, ETC.
Summary, etc. This volume presents a range of topical investigations into the human rights field as well as providing an original and provocative investigation of some of the topic through the theoretical lens of 'silence'.
650 ## - SUBJECT ADDED ENTRY--TOPICAL TERM
Topical term or geographic name entry element Civil & political rights
9 (RLIN) 752199
650 ## - SUBJECT ADDED ENTRY--TOPICAL TERM
Topical term or geographic name entry element Ethnic conflict
9 (RLIN) 752200
650 ## - SUBJECT ADDED ENTRY--TOPICAL TERM
Topical term or geographic name entry element Human rights
700 ## - ADDED ENTRY--PERSONAL NAME
Personal name Bhambra, Gurminder K.
Relator term Editor
9 (RLIN) 324486
700 ## - ADDED ENTRY--PERSONAL NAME
Personal name Shilliam, Robbie
Relator term Editor
9 (RLIN) 752201
942 ## - ADDED ENTRY ELEMENTS (KOHA)
Source of classification or shelving scheme Colon Classification (CC)
Suppress in OPAC No
Koha item type Textbook
Classification part Y9(W:5) P9
Holdings
Withdrawn status Lost status Source of classification or shelving scheme Damaged status Not for loan Home library Current library Date acquired Total Checkouts Full call number Barcode Date last seen Price effective from Koha item type
    Colon Classification (CC)     Ratan Tata Library Ratan Tata Library 2025-04-11   Y9(W:5) P9 RT1528346 2025-04-11 2025-04-11 Textbook
Copyright @ Delhi University Library System